[Event "20th Iraklio Open 2017"]
[Site "Athens"]
[Date "2017.06.22"]
[Round "6.1"]
[White "Nikolaidis, Ioannis"]
[Black "Ergazakis, Ioannis"]
[Result "1-0"]
[WhiteElo "2561"]
[BlackElo "2150"]
[Annotator "TA"]
[PlyCount "45"]
[EventDate "2017.??.??"]
[EventType "swiss"]
[EventCountry "GRE"]
[SourceTitle "playchess.com"]
[Source "ChessBase"]
[SourceQuality "1"]

{[%evp 24,45,31,27,50,52,53,0,65,60,67,4,116,113,164,157,172,120,122,129,446,433,1479,1341]} 1. Nf3 Nf6 2. c4 c5 3. Nc3 Nc6 4. g3 g6 5. Bg2 Bg7 6. d4 cxd4 7. Nxd4 O-O 8. O-O Nxd4 9. Qxd4 d6 10. Bg5 h6 11. Bxf6 Bxf6 12. Qd2 Bg7 {A39: Symmetrical English vs ...g6: 4 Bg2 Bg7 5 Nf3 Nf6 6 0-0 0-0 7 d4} 13. Rfd1 {LiveBook: 4 Games} Qc7 14. Nd5 Qd8 {[#] White is slightly better.} 15. c5 $146 (15. Rac1 $14) ({Predecessor:} 15. Rac1 Bd7 16. Qb4 Bc6 17. Qa3 Bxd5 18. Rxd5 Qc7 19. Rb5 Rfb8 20. Qe3 {1-0 (43) Nogueiras Santiago,J (2549)-Garmendez Gonzalez,F (2300) Aguascalientes 2008}) 15... Be6 (15... e6 $1 $11 16. Nb4 d5) 16. Qb4 $14 dxc5 17. Qxb7 (17. Qxc5 $14 Bxd5 18. Bxd5) 17... Bxd5 (17... Qa5 $1 $11 {keeps the balance.}) 18. Bxd5 $16 ({Much weaker is} 18. Rxd5 $6 Qb6 $11) 18... Qa5 (18... Rb8 $16 19. Bxf7+ (19. Qxa7 Qe8 $16) 19... Kh8 20. Rxd8 (20. Qxa7 Qb6 $16) 20... Rxb7 21. Rxf8+ Bxf8) 19. Qxe7 $18 Rab8 20. Bb3 (20. Rac1 $18) 20... Bxb2 21. Rab1 Bg7 $2 {[%mdl 8192] [#]} (21... Qc3 $16) 22. Bxf7+ $1 {[%mdl 512]} Kh7 {[#]} (22... Kh8 $142 23. Rxb8 Rxb8) (22... Rxf7 23. Rxb8+) 23. Bxg6+ $1 {[%mdl 512] Precision: White = 50%, Black = 10%.} 1-0

[Event "20th Iraklio Open 2017"]
[Site "Athens"]
[Date "2017.06.22"]
[Round "6.2"]
[White "Ergazakis, Ioannis"]
[Black "Korniotis, Filippos"]
[Result "*"]
[WhiteElo "2150"]
[BlackElo "2143"]
[Annotator "NA"]
[PlyCount "22"]
[EventDate "2017.??.??"]
[EventType "swiss"]
[EventCountry "GRE"]
[SourceTitle "playchess.com"]
[Source "ChessBase"]
[SourceQuality "1"]
[TimeControl "5400+30"]

{[%evp 13,21,29,48,45,62,30,58,19,58,0]} 1. e4 {[%emt 0:00:30]} e6 {[%emt 0:01:00]} 2. d4 {[%emt 0:00:30]} d5 {[%emt 0:00:00]} 3. Nd2 {[%emt 0:00:30]} Nf6 {[%emt 0:01:00]} 4. e5 {[%emt 0:00:30]} Nfd7 {[%emt 0:00:00]} 5. Bd3 {[%emt 0:00:30]} c5 {[%emt 0:00:00]} 6. c3 {[%emt 0:00:30]} Nc6 {[%emt 0:00:30]} 7. Ne2 {[%emt 0:03:30]} Qb6 {[%emt 0:07:30]} 8. Nf3 {[%emt 0:02:30]} cxd4 {[%emt 0:00:30]} 9. cxd4 {[%emt 0:00:30]} Bb4+ {[%emt 0:00:30]} 10. Kf1 {[%emt 0:01:30]} Be7 {[%emt 0:01:30] LiveBook: 9 Games} 11. h4 $11 {[%emt 0:04:30]} f5 {[%emt 0:21:30]} *

[Event "20th Iraklio Open 2017"]
[Site "Athens"]
[Date "2017.06.22"]
[Round "6.2"]
[White "Loutragotis, Dimitrios"]
[Black "Korniotis, Filippos"]
[Result "1-0"]
[WhiteElo "2143"]
[BlackElo "2143"]
[Annotator "NA"]
[PlyCount "67"]
[EventDate "2017.??.??"]
[EventType "swiss"]
[EventCountry "GRE"]
[SourceTitle "playchess.com"]
[Source "ChessBase"]
[SourceQuality "1"]
[TimeControl "5400+30"]

1. e4 {[%emt 0:00:30]} e6 {[%emt 0:01:00]} 2. d4 {[%emt 0:00:30]} d5 {[%emt 0:00:00]} 3. Nd2 {[%emt 0:00:30]} Nf6 {[%emt 0:01:00]} 4. e5 {[%emt 0:00:30]} Nfd7 {[%emt 0:00:00]} 5. Bd3 {[%emt 0:00:30]} c5 {[%emt 0:00:00]} 6. c3 {[%emt 0:00:30]} Nc6 {[%emt 0:00:30]} 7. Ne2 {[%emt 0:03:30]} Qb6 {[%emt 0:07:30]} 8. Nf3 {[%emt 0:02:30]} cxd4 {[%emt 0:00:30]} 9. cxd4 {[%emt 0:00:30]} Bb4+ {[%emt 0:00:30]} 10. Kf1 {[%emt 0:00:30]} Be7 {[%emt 0:01:30]} 11. h4 {[%emt 0:04:30] C06: French Tarrasch: 3...Nf6 4 e5 Nfd7 5 Bd3 main lines} (11. g3 g5 12. Nxg5 Bxg5 13. Bxg5 Qxb2 14. Kg2 b6 15. Qa4 {1-0 (15) Leon Hoyos,M (2527)-Vuelban,V (2422) Perugia 2009}) 11... f5 {[%emt 0:21:30]} 12. Rh3 {[%emt 0:20:30]} Nf8 {[%emt 0:04:30]} 13. Rg3 $146 {[%emt 0:00:30]} ({Predecessor:} 13. Nc3 Bd7 14. Na4 Qa5 15. b3 Nb4 16. Bd2 {1-0 (44) Jurkovic,A (2320)-Berra,D Robecchetto 1997}) 13... g6 {[%emt 0:01:30]} 14. h5 {[%emt 0:01:30]} Bd7 {[%emt 0:01:30]} 15. a3 {[%emt 0:06:30]} O-O-O {[%emt 0:07:30]} 16. Bg5 {[%emt 0:02:30]} (16. h6 $18) 16... Kb8 {[%emt 0:00:30]} (16... Bxg5 $1 $14 17. Nxg5 Be8) 17. b4 {[%emt 0:03:30]} Bxg5 {[%emt 0:01:30]} 18. Nxg5 {[%emt 0:00:00]} Be8 {[%emt 0:01:30]} 19. hxg6 {[%emt 0:05:00]} hxg6 {[%emt 0:01:30]} 20. Kg1 {[%emt 0:01:30]} Nxd4 {[%emt 0:05:30]} 21. Nf4 {[%emt 0:11:30]} ({White should try} 21. Nxd4 $15 Qxd4 22. Nf3) 21... Rh4 {[%emt 0:02:30]} 22. Ngh3 {[%emt 0:00:30]} (22. Nfh3 $17) 22... Nc6 {[%emt 0:00:30]} 23. Rc1 {[%emt 0:03:30]} Nxe5 {[%emt 0:01:30]} 24. Bf1 {[%emt 0:03:30]} Ng4 {[%emt 0:02:30]} 25. Rgc3 {[%emt 0:00:30] [#]} g5 $1 {[%emt 0:14:30]} 26. Qc2 {[%emt 0:00:30] [#]} Bd7 $1 {[%emt 0:01:30]} 27. Nd3 {[%emt 0:09:12]} Qd6 $15 {[%emt 0:09:26]} ({Black should try} 27... d4 $17 28. Rc7 Qd6) 28. g3 {[%emt 0:02:45]} Ne3 {[%emt 0:00:42]} 29. fxe3 {[%emt 0:00:47]} Qxg3+ {[%emt 0:00:04]} 30. Bg2 {[%emt 0:00:55]} Rxh3 {[%emt 0:00:31]} 31. Nc5 {[%emt 0:01:54]} Rh8 {[%emt 0:01:06]} 32. Nxb7 {[%emt 0:01:42]} Kxb7 {[%emt 0:01:21]} 33. Rc7+ {[%emt 0:00:05]} Kb8 {[%emt 0:00:01]} 34. Qc5 {[%emt 0:00:10]} 1-0

[Event "20th Iraklio Open 2017"]
[Site "Athens"]
[Date "2017.06.22"]
[Round "6.3"]
[White "Georgiev, Krum"]
[Black "Skaperdas, Kostantinos"]
[Result "1/2-1/2"]
[WhiteElo "2357"]
[BlackElo "2191"]
[Annotator "TA"]
[PlyCount "107"]
[EventDate "2017.??.??"]
[EventType "swiss"]
[EventCountry "GRE"]
[SourceTitle "playchess.com"]
[Source "ChessBase"]
[SourceQuality "1"]

{[%evp 20,107,2,0,53,49,53,39,74,59,68,66,111,94,85,94,128,113,233,229,233,242,244,205,212,206,210,215,204,232,215,219,328,303,269,188,369,220,205,198,224,164,240,239,237,230,229,186,192,199,184,187,265,265,265,221,265,265,265,265,265,265,265,257,385,384,349,242,237,237,208,213,238,0,0,0,0,0,0,0,0,0,0,0,0,0,0,0,0,0]} 1. e4 e6 2. d3 c5 3. Nf3 Nc6 4. g3 Nge7 5. Bg2 g6 6. O-O Bg7 7. c3 e5 {A04: Unusual lines after 1 Nf3 and King's Indian Attack} (7... O-O 8. Na3 d5 9. Qe2 b6 10. e5 Ba6 11. Nc2 b5 12. d4 Qb6 13. b4 cxd4 14. cxd4 Bb7 15. Bf4 a5 16. a3 axb4 17. axb4 Ra4 18. Qd2 {0-1 (52) Bologan,V (2640)-Vitiugov,N (2726) Doha 2016}) 8. Be3 d6 9. a3 O-O 10. b4 b6 11. Nbd2 {[%cal Bb1d2,Bd2b3,Bb3d4][%mdl 32] LiveBook: 5 Games} cxb4 $146 ({Black should try} 11... Rb8 $11) ({Predecessor:} 11... h6 12. Nb3 a5 13. b5 Na7 14. a4 d5 15. d4 exd4 16. cxd4 {½-½ (52) Rodriguez Vila,A (2511)-Saldano Dayer,H (2401) Campinas 2011}) 12. axb4 $14 d5 13. Qb1 h6 14. Nb3 (14. b5 $5 {[%cal Rb5c6]} Na5 15. d4 $16) 14... Be6 15. b5 {Hoping for exd5.} Nb8 16. d4 $36 {[%mdl 2048] White is really pushing.} Nd7 17. Nxe5 {aiming for exd5.} Nxe5 18. dxe5 Qc7 (18... dxe4 $16 {was called for.} 19. Bxe4 Bxe5) 19. Nd4 $18 Qxe5 20. Bf4 Qh5 21. Qb4 Bxd4 22. cxd4 ({Don't do} 22. Qxd4 $6 dxe4 23. c4 (23. Bxe4 Rad8 $14) (23. Qxe4 Rfd8 $16) 23... Nf5 $16) 22... Rfe8 23. f3 g5 24. Bd6 Nc8 25. Be5 $1 Qg6 (25... Ne7 {keeps fighting.} 26. Bd6 Nc8) 26. f4 dxe4 27. fxg5 {Strongly threatening h4.} Qxg5 $2 (27... Ne7) 28. Qc3 (28. Bf6 $142 Qe3+ 29. Kh1) 28... Ne7 29. Bxe4 Nd5 30. Qf3 Qe3+ (30... Red8 $142 31. h4 Qe3+ 32. Qxe3 Nxe3 33. Bxa8 Nxf1 34. Rxa7 (34. Rxf1 Rxa8 35. Kf2 Bc4 $14) 34... Ne3) 31. Qxe3 Nxe3 32. Bxa8 Rxa8 33. Rfc1 {Threatens to win with Rc7.} Nd5 34. Rc6 Kh7 35. Bc7 Bd7 (35... Kg6 $142 36. Bxb6 Rb8 37. Bxa7 Rxb5) 36. Rd6 $1 {[%csl LRd5,LRd7]} Be6 37. Rd8 Nxc7 38. Rxa8 Nxa8 39. Rxa7 Bd5 {[#]} 40. Rd7 $1 {[%cal Rd7d5]} Be6 41. Rd6 Kg7 {[#]} (41... Bb3 $142 42. d5 Kg7) 42. d5 $1 {[%cal Rd5e6]} Bf5 43. Kf2 Nc7 44. Rxb6 Nxd5 45. Rd6 Nc3 46. Kf3 $2 (46. Rd4 $18) 46... Nxb5 {The position is equal.} 47. Rd5 Be4+ $1 48. Kxe4 $11 {[%mdl 4096] Endgame KR-KN} Nc3+ 49. Ke5 Nxd5 50. Kxd5 Kf6 51. Ke4 Kg5 52. h3 h5 53. Kf3 h4 54. gxh4+ {Precision: White = 75%, Black = 56%.} 1/2-1/2

[Event "20th Iraklio Open 2017"]
[Site "Athens"]
[Date "2017.06.22"]
[Round "6.4"]
[White "Koutourinis, Apostolos"]
[Black "Tsiros, Fragkiskos Vlasios"]
[Result "1-0"]
[WhiteElo "2041"]
[BlackElo "2163"]
[Annotator "TA"]
[PlyCount "95"]
[EventDate "2017.??.??"]
[EventType "swiss"]
[EventCountry "GRE"]
[SourceTitle "playchess.com"]
[Source "ChessBase"]
[SourceQuality "1"]

{[%evp 18,95,37,20,121,68,83,70,94,81,129,113,117,113,146,152,153,154,145,54,63,47,52,45,260,262,281,287,271,281,267,273,347,330,356,365,243,363,435,437,414,402,389,339,336,334,333,312,655,620,641,610,1285,658,12833,875,1177,741,2677,1243,1643,0,1542,0,1563,1604,2736,2550,5397,1950,5891,5705,7350,5419,12829,6245,4913,2377,29995,29996]} 1. e4 c5 2. Nf3 d6 3. d4 cxd4 4. Nxd4 Nf6 5. Nc3 g6 6. Be3 Bg7 7. f3 O-O 8. Qd2 Nc6 9. Bc4 Bd7 10. h4 {LiveBook: 906 Games} b5 {B77: Sicilian Dragon: Yugoslav Attack, 9 Bc4 sidelines} (10... Ne5 $11 {remains equal.} 11. Bb3 Rc8) (10... h5 11. O-O-O Ne5 12. Bb3 Rc8 13. Bg5 Rc5 14. Kb1 Re8 15. Bh6 a5 16. a4 Qb6 17. g4 Rxc3 18. bxc3 Nxf3 19. Nxf3 Nxe4 20. Qd3 Nxc3+ 21. Kc1 Bxh6+ 22. Ng5 Bg7 {½-½ (58) Karjakin,S (2771)-Carlsen,M (2881) Dubai 2014}) 11. Ndxb5 (11. Bxb5 $16 Nxd4 12. Bxd4) 11... Ne5 $14 12. Bb3 Qc8 {White is slightly better.} 13. Qe2 ({Weaker is} 13. Bxa7 Qb7 $15) 13... Be6 14. Nd4 {[%cal Bb5d4,Bd4c6,Bc6e7][%mdl 32]} Bc4 15. Qd2 d5 16. exd5 $146 ({Predecessor:} 16. f4 Neg4 17. e5 Ne4 18. Nxe4 dxe4 19. Bg1 Bxb3 20. axb3 {0-1 (29) Kanmazalp,O (2281)-Mordechai,H (2072) Herceg Novi 2008}) 16... Bxb3 17. axb3 Rd8 18. f4 (18. Nde2 $16) 18... Neg4 19. Nc6 Rd7 20. O-O-O {And now Ne5 would win.} ({But not} 20. Rxa7 Nxe3 21. Rxa8 Qxa8 $11) 20... Nxd5 $2 (20... e6 $14) 21. Qxd5 $18 Rxd5 22. Nxe7+ ({Not} 22. Nxd5 Kh8 $17) 22... Kh8 {[#] aiming for ...Rxd1+.} 23. Nxc8 Rxd1+ 24. Nxd1 Rxc8 25. Bxa7 Ra8 26. Bc5 Ra1+ 27. Kd2 Bxb2 28. Re1 Bc1+ 29. Kd3 Ra8 30. Bd4+ Kg8 31. Nc3 Bxf4 32. Re4 Be5 $2 (32... Bd6 33. Rxg4 f5) 33. Rxg4 f5 {Black hopes to continue with ...Rd8.} 34. Bxe5 Kf7 35. Nd5 Ra2 36. Nf4 Ra5 37. Kd4 Rb5 38. Nd3 Ke6 39. Nf4+ Kf7 $1 40. Nd3 Ke6 $1 41. Nc5+ Ke7 42. c4 Ra5 43. Kd5 Ra2 44. g3 Rd2+ 45. Kc6 Rc2 46. Bd6+ Kd8 47. Nb7+ Kc8 {[#]} 48. Bc7 $1 {Precision: White = 70%, Black = 34%.} 1-0

[Event "20th Iraklio Open 2017"]
[Site "Athens"]
[Date "2017.06.22"]
[Round "6.5"]
[White "Abelakiotis, Stavros"]
[Black "Kordis, Konstantinos"]
[Result "0-1"]
[WhiteElo "1861"]
[BlackElo "2149"]
[Annotator "TA"]
[PlyCount "70"]
[EventDate "2017.??.??"]
[EventType "swiss"]
[EventCountry "GRE"]
[SourceTitle "playchess.com"]
[Source "ChessBase"]
[SourceQuality "1"]

{[%evp 24,70,64,64,65,51,52,51,66,43,66,36,51,40,76,26,80,79,132,133,241,251,305,214,222,222,218,55,77,80,170,0,29,20,31,-823,-823,-1048,-456,-455,-449,-423,-395,-836,-836,-29992,-820,-29993,-29994]} 1. e4 c5 2. Nf3 e6 3. d4 cxd4 4. Nxd4 a6 5. c4 Qc7 6. Nc3 Nf6 7. a3 b6 8. Be3 Bb7 {B41: Sicilian: Kan Variation: 5 c4} 9. f3 d6 10. Be2 Nbd7 11. Rc1 Be7 12. O-O O-O 13. Qd2 {LiveBook: 131 Games} (13. Kh1 Rac8 14. b4 Rfd8 15. Bg1 Qb8 16. Nb3 {1-0 (50) Ponomariov,R (2712)-Wojtaszek,R (2727) Huaian 2016}) 13... Rfc8 14. b4 Rab8 15. Rfd1 Qd8 16. Bf1 Qe8 {[#]} 17. Qa2 $146 ({Predecessor:} 17. h3 Bd8 18. Bf2 Ne5 19. Nb3 {1-0 (86) Oleksienko,M (2608)-Ponizil,C (2497) Czech Republic 2017}) 17... Ne5 18. h3 Ng6 19. Qf2 h5 (19... Ne5 $11) 20. Nb3 $16 Ne5 (20... Nd7 $142) 21. Bxb6 h4 (21... Nxc4 $16 22. Bxc4 Rxc4) 22. c5 $18 (22. Qxh4 Nxe4 23. Qe1 Ng5 $11) 22... d5 23. exd5 (23. Qxh4 Nxe4 24. Qe1 Nxc3 $14) 23... Nxd5 24. Nxd5 Bxd5 {[#]} 25. Rxd5 $2 (25. Na5 $1 $18) 25... exd5 $14 26. Bxa6 Qa4 (26... Ra8 $16 {was worth a try.} 27. Qf1 (27. Bxc8 Nd3 $14) 27... Bg5) 27. Qe2 $2 ({White must play} 27. Bxc8 $18 Nd3 28. Qe2 Nxc1 29. Qxe7 (29. Nxc1 Qxa3 30. Kh2 Qxc1 $11) 29... Rxc8 30. Nxc1 Qd1+ 31. Kh2 Qxc1 32. Bc7 (32. Qxh4 Qxa3 33. Bc7 Qa6 $16)) 27... Qxb3 (27... Re8 {keeps more tension.} 28. Rb1 Qxa3 29. Bb5 Nc6 30. Qb2 Qxb2 31. Rxb2 Rec8) 28. Bxc8 Qxa3 29. Qxe5 $4 {[%mdl 8192]} (29. Rb1 $14 Rxc8 30. Qxe5) 29... Qxc1+ $19 30. Kh2 Rxc8 (30... Ra8 $142 31. Bc7 Ra1 32. Qxa1 Qxa1) 31. Qxe7 Qf4+ 32. Kh1 Qxb4 {[#] White must now prevent ...Ra8.} 33. Qd7 $2 (33. Kh2 Qf4+ 34. Kg1) 33... Ra8 {( -> ...Qe1+)} 34. Qd6 Qe1+ 35. Kh2 Ra1 {Precision: White = 25%, Black = 22%.} 0-1

[Event "20th Iraklio Open 2017"]
[Site "Athens"]
[Date "2017.06.22"]
[Round "6.6"]
[White "Rigopoulos-Tsigkos, Alexandros"]
[Black "Sonis, Francesco"]
[Result "0-1"]
[WhiteElo "2111"]
[BlackElo "2450"]
[Annotator "TA"]
[PlyCount "84"]
[EventDate "2017.??.??"]
[EventType "swiss"]
[EventCountry "GRE"]
[SourceTitle "playchess.com"]
[Source "ChessBase"]
[SourceQuality "1"]

{[%evp 17,84,-51,-58,-97,-93,-113,-93,-69,-72,-83,-82,-83,-81,-93,-93,-96,-96,-157,-170,-165,-103,-104,-104,-193,-196,-182,-190,-229,-177,-189,-184,-198,-133,-450,-433,-679,-491,-477,-323,-615,-599,-540,-515,-527,-478,-597,-610,-574,-556,-569,-558,-560,-543,-646,-651,-635,-651,-656,-648,-685,-664,-824,-399,-939,-914,-927,-729,-1368,-1164]} 1. e4 e5 2. Nf3 Nc6 {[%cal Bb8c6,Bc6d4,Bd4e6][%mdl 32]} 3. Bc4 Bc5 4. O-O Nf6 5. d4 Bxd4 6. Nxd4 Nxd4 7. f4 d6 8. fxe5 dxe5 9. Bg5 Qe7 {White must now prevent ...Qc5.} 10. c3 {[#] C50: Hungarian Defence and Giuoco Pianissimo} (10. Na3 Rg8 11. Kh1 Bd7 12. Qe1 Ne6 13. Be3 a6 14. Qa5 Ng4 15. Bg1 f6 16. Rad1 Nh6 17. Nb5 b6 18. Nxc7+ Nxc7 19. Qxb6 {1-0 (35) Azarov,S (2602)-Steingrimsson,H (2550) Rockville 2015}) 10... Ne6 $1 {[%cal Re6g5]} 11. Bxf6 gxf6 12. Nd2 {Black is better.} Rg8 13. Kh1 Bd7 14. Qf3 Rg6 15. b4 O-O-O 16. Qe3 Kb8 17. Nb3 (17. Nf3 $142) 17... Rdg8 18. Rf2 $146 Qf8 ({Black should try} 18... b6 $19 19. b5 h5) 19. Rd2 Bc8 20. Na5 (20. Nc5 $17 {was called for.}) 20... Qg7 {[%cal Rg6g2]} 21. Bxe6 fxe6 ({Much less strong is} 21... Bxe6 22. g3 $17) 22. Qe2 Rh6 {[%cal Bg6h6,Bh6h4,Bh4g4][%mdl 32] ...Qg3 is the strong threat.} 23. Rd3 Rh4 24. Rad1 Qg4 $40 {[%mdl 128] Black attacks with force.} (24... Qh6 $19 25. g3 Rhg4) 25. Qb2 $2 {[%mdl 8192] [#]} (25. Re3 $17 {is more resistant.}) 25... Qxe4 $19 26. b5 (26. h3 $142) 26... Rhg4 {[%cal Rg4g2]} 27. R3d2 Ka8 28. Re2 $2 (28. c4) 28... Qa4 29. Nb3 Qxb5 30. c4 Qc6 31. Na5 Qa4 32. Nb3 Rxc4 33. Rb1 Qb4 34. a3 Qc3 35. Qa2 b6 36. Nd2 Ra4 37. Ne4 Qd3 38. Nxf6 Rf8 39. Rd2 Qxa3 (39... Qf5 $142 40. Rg1 Qxf6) 40. Qc2 $2 (40. Qxa3 Rxa3 41. Nxh7) 40... Rxf6 {Black is clearly winning.} 41. Qxc7 Qc5 42. Qxh7 Raf4 {Precision: White = 38%, Black = 68%.} 0-1

[Event "20th Iraklio Open 2017"]
[Site "Athens"]
[Date "2017.06.22"]
[Round "6.7"]
[White "Kotrotsos, Vasilios"]
[Black "Katopodis, Dimitrios"]
[Result "1-0"]
[WhiteElo "2269"]
[BlackElo "2169"]
[Annotator "ChessBase"]
[PlyCount "69"]
[EventDate "2017.??.??"]
[EventType "swiss"]
[EventCountry "GRE"]
[SourceTitle "playchess.com"]
[Source "ChessBase"]
[SourceQuality "1"]
[TimeControl "5400+30"]

1. f4 {[%emt 0:00:30]} d5 {[%emt 0:01:00]} 2. Nf3 {[%emt 0:00:00]} g6 {[%emt 0:01:30]} 3. g3 {[%emt 0:00:00]} Bg7 {[%emt 0:00:30]} 4. Bg2 {[%emt 0:00:00]} Nf6 {[%emt 0:01:30]} 5. O-O {[%emt 0:00:00]} O-O {[%emt 0:00:30]} 6. d3 {[%emt 0:00:30]} c5 {[%emt 0:02:30]} 7. Qe1 {[%emt 0:00:00]} d4 {[%emt 0:03:30]} 8. Na3 {[%emt 0:00:00]} Nc6 {[%emt 0:04:30]} 9. Bd2 {[%emt 0:02:30]} Nd5 {[%emt 0:01:30]} 10. c3 {[%emt 0:00:00]} e5 {[%emt 0:09:30]} 11. fxe5 {[%emt 0:01:00]} Nxe5 {[%emt 0:04:30]} 12. Nxe5 {[%emt 0:00:30]} Bxe5 {[%emt 0:01:30]} 13. Nc2 {[%emt 0:00:30]} Be6 {[%emt 0:04:30]} 14. c4 {[%emt 0:07:30]} Nf6 {[%emt 0:13:30]} 15. b4 {[%emt 0:02:30]} Ng4 {[%emt 0:02:30]} 16. Bf4 {[%emt 0:04:30]} Qe7 {[%emt 0:22:30]} 17. bxc5 {[%emt 0:01:30]} Qxc5 {[%emt 0:01:30]} 18. Rb1 {[%emt 0:00:30]} Bxc4 {[%emt 0:02:57]} 19. h3 {[%emt 0:02:30]} Bxf4 {[%emt 0:04:34]} 20. Rxf4 {[%emt 0:05:30]} Be6 {[%emt 0:02:51]} 21. Nxd4 {[%emt 0:07:30]} Ne3 {[%emt 0:04:00]} 22. Bxb7 {[%emt 0:09:30]} Rab8 {[%emt 0:01:49]} 23. Rb5 {[%emt 0:12:30]} Qc7 {[%emt 0:00:48]} 24. Nxe6 {[%emt 0:08:30]} fxe6 {[%emt 0:01:24]} 25. Rxf8+ {[%emt 0:00:00]} Rxf8 {[%emt 0:00:38]} 26. Bf3 {[%emt 0:00:00]} Qc2 {[%emt 0:03:46]} 27. Qa1 {[%emt 0:15:30]} Rxf3 {[%emt 0:00:52]} 28. Rb8+ {[%emt 0:00:30]} Kf7 {[%emt 0:01:40]} 29. Rb7+ {[%emt 0:00:00]} Ke8 {[%emt 0:00:09]} 30. Qh8+ {[%emt 0:00:00]} Rf8 {[%emt 0:00:44]} 31. Rb8+ {[%emt 0:00:30]} Kd7 {[%emt 0:00:26]} 32. Qxf8 {[%emt 0:01:30]} Qc1+ {[%emt 0:01:01]} 33. Kh2 {[%emt 0:00:30]} Nf1+ {[%emt 0:01:02]} 34. Kg2 {[%emt 0:00:30]} Ne3+ {[%emt 0:01:00]} 35. Kf3 {[%emt 0:00:00]} 1-0

[Event "20th Iraklio Open 2017"]
[Site "Athens"]
[Date "2017.06.22"]
[Round "6.8"]
[White "Spyropoulos, Nikolaos"]
[Black "Pelantakis, Mihail"]
[Result "1-0"]
[WhiteElo "2229"]
[BlackElo "1661"]
[Annotator "TA"]
[PlyCount "54"]
[EventDate "2017.??.??"]
[EventType "swiss"]
[EventCountry "GRE"]
[SourceTitle "playchess.com"]
[Source "ChessBase"]
[SourceQuality "1"]

{[%evp 14,54,40,19,44,19,20,12,16,-1,28,-7,0,0,43,44,78,56,88,40,41,31,37,37,50,53,49,48,39,37,48,15,27,0,0,-16,-8,-3,-6,-9,0,0,0]} 1. e4 c5 2. Nf3 d6 3. d4 cxd4 4. Nxd4 Nf6 {[%cal Bg8f6,Bf6d7,Bd7e5,Be5g6,Bg6h4][%mdl 32]} 5. Nc3 a6 6. h3 e6 7. g4 Be7 8. Bg2 (8. g5 $5 {[%cal Rg5f6]} Nfd7 9. Be3 $11) 8... Nfd7 {B81: Sicilian Scheveningen: Keres Attack} 9. O-O (9. g5 $5) 9... Nc6 10. Be3 {[%cal Bc1e3,Be3d4,Bd4b2][%mdl 32]} O-O 11. Qd2 Nde5 12. b3 Nxd4 13. Bxd4 {[#]} g5 $146 ({Predecessor:} 13... Ng6 14. Be3 Qc7 15. Ne2 b5 16. c4 bxc4 {0-1 (55) Howell,D (2611)-Carlsen,M (2802) London 2010}) 14. Ne2 Bd7 15. Rad1 {[#] Hoping for Bxe5.} Bc6 16. Bb2 Ng6 17. Ba3 {[%cal Ra3d6]} (17. Qd4 {seems wilder.} f6 18. Ba3 Nh4 19. Bh1 e5 20. Qd2) 17... Nh4 18. Bh1 d5 19. Bxe7 Qxe7 20. exd5 Bxd5 21. Bxd5 exd5 22. Nd4 Rfe8 23. Rde1 Qf6 {[#] Threatens to win with ...Qxd4!The position is equal.} 24. Re3 Re4 25. c3 Rae8 26. Rfe1 h6 27. Qd3 {[%cal Re3e4]} Qe5 {[%mdl 32768] Precision: White = 35%, Black = 49%. . Loss on Time!?} 1-0

[Event "20th Iraklio Open 2017"]
[Site "Athens"]
[Date "2017.06.23"]
[Round "7.1"]
[White "Loutragotis, Dimitrios"]
[Black "Nikolaidis, Ioannis"]
[Result "0-1"]
[WhiteElo "2143"]
[BlackElo "2561"]
[Annotator "TA"]
[PlyCount "82"]
[EventDate "2017.??.??"]
[EventType "swiss"]
[EventCountry "GRE"]
[SourceTitle "playchess.com"]
[Source "ChessBase"]
[SourceQuality "1"]

{[%evp 18,82,0,-2,5,0,0,-11,-11,-32,-38,-55,0,-50,-48,-51,-42,-52,-51,-72,-24,-27,0,0,92,100,114,93,127,0,0,0,0,0,0,0,0,0,-18,-128,-126,-388,-401,-419,-427,-418,-399,-491,-476,-554,-557,-542,0,-264,0,-544,-540,-533,-484,-2499,-1418,-6720,-5735,-12839,-12838,-29995,-29994]} 1. e4 c5 2. Nf3 Nc6 3. d4 cxd4 4. Nxd4 e6 5. Nc3 Qc7 6. Qd3 {B47: Sicilian: Taimanov: 5 Nc3 Qc7 6 f4, 6 g3 and 6 Be2} Nxd4 7. Qxd4 a6 8. Be3 b5 9. O-O-O Bb7 10. Kb1 {LiveBook: 3 Games} Nf6 11. e5 Nd5 $1 12. Nxd5 Bxd5 13. Bd3 $146 ({Predecessor:} 13. Qf4 Rc8 {0-1 (30) Eljanov,P (2741)-Neiksans,A (2624) Germany 2016}) 13... Bxg2 14. Rhg1 Bc6 ({Better is} 14... Bf3 $15 15. Rc1 d6) 15. Be4 Rc8 16. Rd2 {[%cal Bd1d2,Bd2g2,Bg2g6][%mdl 32]} g6 17. h4 Bg7 18. f4 d5 19. Bd3 ({Much weaker is} 19. exd6 Bxd4 20. dxc7 Bxe3 $17) 19... h5 20. Rdg2 {White wants to play Bxg6!} Bb7 {[#]} (20... Bf8 $1 $11) 21. Bxg6 $1 $16 fxg6 22. Rxg6 Rg8 {[#]} 23. f5 (23. Qd1 $1 $16 {[%cal Rd1h5]} d4 24. Rxe6+ Kf8 25. Bxd4 (25. Qxd4 Bxe5 26. Rf6+ Ke7 $11)) 23... Qxc2+ $11 24. Ka1 {And now Qb6 would win.} Qxf5 {White must now prevent ...Rc4.} 25. Qb6 Bc6 $1 26. Bh6 {[#]} Bxh6 $1 {[%mdl 512]} 27. Rxg8+ (27. Rxh6 Rxg1+) 27... Bf8 {Hoping for ...Bd7.} 28. Qe3 (28. Rc1 $1 $11) 28... Bd7 $17 {aiming for ...Rc4.} 29. Qh6 $2 {[%mdl 8192]} (29. R8g5 $17 {keeps fighting.} Qf7 30. Qe2) 29... Rc4 $19 30. a3 {With the idea Qh8.} Rf4 31. Ka2 {If White can now play Qh8 this consolidates a bit.} b4 32. axb4 Rxb4 33. R1g3 Ra4+ 34. Kb3 Rb4+ (34... Rf4 $142 35. Rh8 Qxe5 36. Qxh5+ Qxh5 37. Rxh5 Ba4+ 38. Kc3 Bb4+ 39. Kd3 Ke7) 35. Ka2 Ra4+ $2 ({Don't do} 35... Rxh4 36. Qh8 $17) (35... Rb5 36. Ra3 Ke7) 36. Kb3 {intending Qh8.} Rf4 37. Ka2 Rf1 38. Qd2 (38. Qg6+ $142 Qxg6 39. R3xg6) 38... Qb1+ 39. Kb3 Qa1 40. Qb4 Bb5 {( -> ...Bc4+)} 41. Rg1 Bc4+ {Precision: White = 32%, Black = 74%.} 0-1